History As We Heard It III Quiz Stats

 Plays Quiz Updated Mar 6, 2019

Support Sporcle.
Go Orange.
Score 0/22 Timer 08:00
1 Play Today
Range Speaker % Correct
0:00-0:10Barack Obama
98.1%
0:11-0:20Bill Gates
81.8%
1:06-1:17Stephen Hawking
71.4%
4:43-5:00George H.W. Bush
60.5%
3:23-3:30Bill Clinton
57.8%
4:30-4:42Jimmy Carter
51%
3:12-3:22J.R.R. Tolkien
48%
4:17-4:29Lyndon Johnson
43.2%
2:48-2:56Michael Jackson
42.9%
2:21-2:31Malcolm X
42.1%
3:46-4:00Edmund Hillary
36.8%
Range Speaker % Correct
1:53-2:09Theodore Roosevelt
35.7%
2:32-2:47Mother Teresa
32.8%
3:31-3:45Queen Elizabeth II
31.4%
2:10-2:20Arnold Schwarzenegger
27.5%
1:18-1:40Mahmoud Ahmadinejad
27.1%
0:32-0:48J. Robert Oppenheimer
26.6%
0:49-1:05Kofi Annan
24.3%
4:01-4:16Desmond Tutu
20.5%
0:21-0:31Dalai Lama
20.1%
1:41-1:52Benjamin Netanyahu
16.6%
2:57-3:11Pope Benedict XVI
13.5%

You're not logged in!

Compare scores with friends on all Sporcle quizzes.
OR
Log In

From the Vault

A Song of Ice and Fire Books

by akosirm

This quiz should at least be somewhat easier than telling all the Frey's apart.
Remove Ads.
Support Sporcle.
Get the best of Sporcle when you Go Orange. This ad-free experience offers more features, more stats, and more fun while also helping to support Sporcle. Thank you for becoming a member.

Show Comments

Extras

Top Quizzes Today


Score Distribution

Your Account Isn't Verified!

In order to create a playlist on Sporcle, you need to verify the email address you used during registration. Go to your Sporcle Settings to finish the process.

Report this User

Report this user for behavior that violates our Community Guidelines.

Details: